UBT Library

A research companion to Principles and standards for school mathematics / (Record no. 39295)

000 -LEADER
fixed length control field 00909cam a22002777a 4500
001 - CONTROL NUMBER
control field 13290482
005 - DATE AND TIME OF LATEST TRANSACTION
control field 20171221091528.0
008 - FIXED-LENGTH DATA ELEMENTS--GENERAL INFORMATION
fixed length control field 030725s2003 vaua b 000 0 eng d
010 ## - LIBRARY OF CONGRESS CONTROL NUMBER
LC control number 2003273035
020 ## - INTERNATIONAL STANDARD BOOK NUMBER
International Standard Book Number 0873535375
035 ## - SYSTEM CONTROL NUMBER
System control number (OCoLC)ocm52162906
040 ## - CATALOGING SOURCE
Original cataloging agency GZI
Transcribing agency GZI
Modifying agency DLC
041 ## - LANGUAGE CODE
Language code of text/sound track or separate title eng
042 ## - AUTHENTICATION CODE
Authentication code lccopycat
043 ## - GEOGRAPHIC AREA CODE
Geographic area code n-us---
080 ## - UNIVERSAL DECIMAL CLASSIFICATION NUMBER
Universal Decimal Classification number 510.71073 KIL
082 00 - DEWEY DECIMAL CLASSIFICATION NUMBER
Classification number 510.71073 KIL
Edition number 22
100 ## - Rafti
Rafti 46
101 ## - Shkurtesa
Shkurtesa EDU
245 02 - TITLE STATEMENT
Title A research companion to Principles and standards for school mathematics /
Statement of responsibility, etc edited by Jeremy Kilpatrick, W. Gary Martin, Deborah Schifter.
504 ## - BIBLIOGRAPHY, ETC. NOTE
Bibliography, etc Includes bibliographical references.
740 0# - ADDED ENTRY--UNCONTROLLED RELATED/ANALYTICAL TITLE
Uncontrolled related/analytical title Principles and standards for school mathematics.
906 ## - LOCAL DATA ELEMENT F, LDF (RLIN)
a 7
b cbc
c copycat
d 2
e ncip
f 20
g y-gencatlg
942 ## - ADDED ENTRY ELEMENTS (KOHA)
Source of classification or shelving scheme
Item type Books
Holdings
Withdrawn status Lost status Source of classification or shelving scheme Damaged status Not for loan Permanent location Current location Date acquired Total Checkouts Full call number Barcode Date last seen Price effective from Koha item type
          UBT - Lipjan UBT - Lipjan 12/21/2017   510.71073 KIL 002-29641 12/21/2017 12/21/2017 Books
UBT Library © 2015-2024. All rights reserved University Education for Business and Technology